1549 1580 1696 1926 1787 1171 1215 1227 1995 1763 1758 1999 1889 1714 1289 1685 1547 1992 1852 1198 1586 1509 1678 1222 1798 1728 1366 1901 1678 1421 1091 1805 1371 1881 1714 1860 1448 1101 1104 1799 1309 1458 1252 1931 1972 1896 1458 1701 1497 1051 1660 1512 1280 1233 1938 1286 1558 1922 1102 1740 1204 1136 1336 1491 1418 1044 1454 1185 1169 1118 1451 1353 1149 1820 1127 1324 1194 1995 1297 1364 1028 1793 1964 1216 1397 1240 1741 1858 1868 1141 1235 1327 1927 1961 1807 1940 1732 1317 1712 BCNSPRNW ULIB Ver.6.0+V

เปลี่ยนเป็นภาษาไทย

Change to English
 แสดงรายละเอียดบรรณานุกรม
  กลับหน้าหลัก

Brief Record : Get Marc (ISO 2709) : E-mail record : QR code < ปิดหน้าต่าง
LEADER : 00000nam 2200000uu 4500
001    13399110771
003     ULIB
008    110608s2551||||th 000 0 tha d
020    9789741619092
060 04 WS113^bณ119ล 2551
100 0  ณชลกร แสงแก้ว
245 10 ลูกดี ลูกเก่ง ลูกน่ารัก สร้างได้ /^cณชลกร แสงแก้ว
260    กรุงเทพฯ :^bDดี,^c2551
300    136 หน้า :^bภาพประกอบ ;^c21 ซม
945    ^p115^l0^i024941
945    ^p115^l0^i024942
995    ทศพร
999 ^a ใช้งานได้ทุกระบบ
รายการนี้ยังไม่มีแท็ก
คุณยังไม่ได้ล็อกอิน คุณสามารถมีกิจกรรมร่วมกับเว็บไซต์ได้ แต่ต้องล็อกอินก่อน ::
  ล็อกอิน

รายการสื่อสารสนเทศ

ลำดับที่ ประเภท เลขเรียก/บาร์โค้ด สถานที่ สถานะ
- ไม่พบข้อมูล -

รายการใกล้เคียง
    ผู้แต่ง [ณชลกร แสงแก้ว]

BibComment


ยังไม่เคยถูกคอมเมนท์

คอมเมนท์ทรัพยากรรายการนี้
  คอมเมนท์: ลูกดี ลูกเก่ง ลูก..


 Copyright 2026. Bcnsprnw @Library